| 000 | 00809cam a2200241 4500 | ||
|---|---|---|---|
| 001 | sa 68013732 | ||
| 003 | DLC | ||
| 005 | 20260227112624.0 | ||
| 008 | 691209s1968 ii 000 0 eng | ||
| 010 | _asa 68013732 | ||
| 025 | _aPL480:I-E-10361 | ||
| 040 |
_aDLC _cDLC _dDLC |
||
| 050 | 0 | 0 |
_aHD9526.I62 _bA52 |
| 082 | 0 | 0 | _a382/.45/672 |
| 110 | 1 |
_aIndia (Republic). _bCommittee of Inquiry (Steel Transactions) |
|
| 245 | 0 | 0 | _aReport. |
| 260 |
_aNew Delhi _b[Manager of Publications] _c1968. |
||
| 300 |
_a2 v. in 1. _c20 cm. |
||
| 350 |
_a8.25 _a($2.97) (v. 1) _a10.00 _a($3.60) (v. 2) |
||
| 500 | _aVol. [2] comprising appendices, has imprint Dept. of Iron & Steel, Govt. of India, New Delhi. | ||
| 650 | 0 |
_aSteel industry and trade _zIndia. |
|
| 710 | 1 |
_aIndia (Republic). _bDepartment of Iron and Steel. |
|
| 999 |
_c85301 _d85301 |
||